|
|
|
|
| LEADER |
00000nam0a2200000 4500 |
| 001 |
50371 |
| 005 |
20231101211237.0 |
| 035 |
|
|
|a (RuTPU)RU\TPU\book\52751
|
| 090 |
|
|
|a 50371
|
| 100 |
|
|
|a 20030415d1961 m y0rusy50 ca
|
| 101 |
0 |
|
|a rus
|
| 102 |
|
|
|a RU
|
| 105 |
|
|
|a a j 001zy
|
| 200 |
1 |
|
|a Техника безопасности в машиностроении
|e учебное пособие
|f М. Л. Шевелев
|
| 205 |
|
|
|a 2-е изд., перераб. и доп.
|
| 210 |
|
|
|a Москва
|c Машгиз
|d 1961
|
| 215 |
|
|
|a 324 с.
|c ил.
|
| 320 |
|
|
|a Библиогр.: с. 324.
|
| 606 |
1 |
|
|a Машиностроение
|x Техника безопасности
|2 stltpush
|3 (RuTPU)RU\TPU\subj\41470
|9 61260
|
| 610 |
1 |
|
|a машиностроительные заводы
|
| 610 |
1 |
|
|a промышленный травматизм
|
| 610 |
1 |
|
|a гигиена
|
| 610 |
1 |
|
|a освещение
|
| 610 |
1 |
|
|a шум
|
| 610 |
1 |
|
|a вибрация
|
| 610 |
1 |
|
|a подъемно-транспортные машины
|
| 610 |
1 |
|
|a компрессоры
|
| 610 |
1 |
|
|a паровые котлы
|
| 610 |
1 |
|
|a литейные цеха
|
| 610 |
1 |
|
|a кузнечно-прессовые работы
|
| 610 |
1 |
|
|a термические цеха
|
| 610 |
1 |
|
|a электросварочные работы
|
| 610 |
1 |
|
|a холодная обработка
|
| 610 |
1 |
|
|a деревообработка
|
| 610 |
1 |
|
|a гальванические покрытия
|
| 610 |
1 |
|
|a лакокрасочные покрытия
|
| 610 |
1 |
|
|a учебные пособия
|
| 675 |
|
|
|a 621.002:658.382.3(075.8)
|v 3
|
| 700 |
|
1 |
|a Шевелев
|b М. Л.
|g Максим Лаврентьевич
|
| 801 |
|
1 |
|a RU
|b 63413507
|c 20030415
|g PSBO
|
| 801 |
|
2 |
|a RU
|b 63413507
|c 20220601
|g PSBO
|
| 942 |
|
|
|c BK
|